Word translations. math strategy guide / Guide 4,

Podrobná bibliografie
Médium: Kniha
Jazyk:English
Vydáno: New York, N.Y. : MG Prep Inc., 2008.
Vydání:Third edition.
Edice:GMAT strategy guide; 4
8 guide instructional series.
Témata:
Classic Catalogue: View this record in Classic Catalogue
LEADER 01354nam a2200313 a 4500
001 277156295
003 BD-DhAAL
005 20250819131037.0
008 090819s2008 nyua 000 0 eng d
020 |a 0981853374 
020 |a 9780981853376 
040 |a JRY  |c JRY  |d BTCTA  |d MLN  |d BD-DhAAL 
082 0 4 |a 650/.076  |2 22 
245 1 0 |a Word translations.  |n Guide 4,  |b math strategy guide / 
246 3 0 |a GMAT Strategy guide. 
250 |a Third edition. 
260 |a New York, N.Y. :  |b MG Prep Inc.,  |c 2008. 
300 |a 167 pages :  |b illustrations ;  |c 28 cm. 
490 0 |a GMAT strategy guide;  |v 4 
490 0 |a 8 guide instructional series. 
500 |a "Manhattan GMAT."--Cover  
526 |x Mohammad Zakir Hossain Sharkar Senior Lecturer BRAC Business School Course name and No. : N/A  
541 1 |a Tain Book Depot  |e 00018012 
650 0 |a Graduate Management Admission Test  |v Study guides.  |9 57809 
650 0 |a Algebra  |x Examinations, questions, etc.  |9 58485 
852 4 |a Ayesha Abed Library  |j General shelf  
942 |2 ddc  |c BK 
999 |c 3043  |d 3043 
952 |0 0  |1 0  |2 ddc  |4 0  |6 650_076000000000000_WOR_2008  |7 0  |9 2756  |a BRACUL  |b BRACUL  |c GEN  |d 2009-08-27  |e Tain Book Depot  |g 1964.00  |l 14  |m 28  |o 650.076 WOR  |p 3010018012  |r 2024-10-27  |s 2024-10-22  |t 1  |w 2009-08-27  |y BK  |x Requisitioned by Md. Zakir hossain Sharkar, Sr. Lecturer, BBS. Course name and no. "not available"